LEADER 01289nam 2200397 450 001 996280025803316 005 20231021000513.0 010 $a1-4799-1228-X 035 $a(CKB)3390000000045277 035 $a(NjHacI)993390000000045277 035 $a(EXLCZ)993390000000045277 100 $a20231021d2013 uy 0 101 0 $aeng 135 $aur||||||||||| 181 $ctxt$2rdacontent 182 $cc$2rdamedia 183 $acr$2rdacarrier 200 10$aFuzzy Systems (IFSC), 2013 13th Iranian Conference on /$fInstitute of Electrical and Electronics Engineers 210 1$a[Place of publication not identified] :$cInstitute of Electrical and Electronics Engineers,$d2013. 215 $a1 online resource 311 $a1-4799-1226-3 311 $a1-4799-1227-1 517 $a2013 13th Iranian Conference on Fuzzy Systems 517 $a2013 13th Iranian Conference on Fuzzy Systems (IFSC) 517 $aFuzzy Systems 606 $aFuzzy systems$vCongresses 606 $aFuzzy systems 615 0$aFuzzy systems 615 0$aFuzzy systems. 676 $a511.313 801 0$bNjHacI 801 1$bNjHacl 906 $aPROCEEDING 912 $a996280025803316 996 $aFuzzy Systems (IFSC), 2013 13th Iranian Conference on$92497456 997 $aUNISA